000 00748nam a2200253 a 4500
005 20191224041534.0
008 140221b1990 -Us|||||rm||| 00| 0 eng d
040 _aCO-BoIAVH
_cCO-BoIAVH
041 _aspa
044 _axxu
090 _aTE
_b0039
100 _aRestrepo, Carla
245 _aEcology and cooperative breeding in a frugivorous bird, Semnornis Ramphastinus
260 _aFlorida
_bUniversity of Florida
_c1990
300 _a84 p.
650 _aFauna
650 _aFrugivoría
650 _aAves
650 _aHábitos alimentarios
650 _aBiología reproductiva
650 _aComportamiento
662 _aColombia
_cReserva Natural La Planada
_bNariño
942 _cTESIS
_2z
999 _c563
_d563